|
|
|
|
| LEADER |
00000nab a2200000 a 4500 |
| 001 |
vtls008415544 |
| 003 |
SK-MaSNL |
| 005 |
20260304145133.0 |
| 008 |
250505c2005 xo 0 slo |
| 015 |
|
|
|a SNBCL2005/5
|
| 035 |
|
|
|a SLK033758
|
| 035 |
|
|
|a urn:nbn:sk:snk-ab6w2b
|
| 035 |
|
|
|a (uuid)7a0bd4e9-9693-462f-ab6e-72864ad89467
|
| 035 |
|
|
|a (urnnbn)urn:nbn:sk:snk:ar-a061j9
|
| 035 |
|
|
|a (sysno)vtls008415544
|
| 040 |
|
|
|a SNKBUCL
|b slo
|c SNKBUCL
|e AACR2
|
| 041 |
0 |
|
|a slo
|b eng
|b slo
|
| 044 |
|
|
|a xo
|c SK
|
| 080 |
|
|
|a 616.379-008.64-092.9
|2 1981
|
| 100 |
1 |
|
|a Šimončič, Róbert,
|d 1929-
|4 aut
|9 218289
|
| 245 |
1 |
0 |
|a Prehľad novších prác s experimentálnym diabetom na Slovensku
|c Róbert Šimončič, Katarína Volkovová
|
| 246 |
1 |
0 |
|a Review of newer works dealing with experimental diabetes in Slovakia
|
| 246 |
1 |
1 |
|a Review of newer works dealing with experimental diabetes in Slovakia
|
| 504 |
|
|
|a Bibliogr. odkazy
|
| 650 |
0 |
7 |
|a diabetes mellitus, experimentálny
|2 MESH
|9 1217721
|
| 650 |
0 |
7 |
|a modely chorôb u zvierat
|2 MESH
|9 587566
|
| 650 |
0 |
7 |
|a prehľad (publikačný typ)
|2 MESH
|9 1067397
|
| 700 |
1 |
|
|a Volkovová, Katarína,
|d 1962-
|4 aut
|9 11297
|
| 773 |
0 |
|
|t Diabetes a obezita
|g Roč. 5, č. 9 (2005), s. 43-49
|x 1335-8383
|
| 850 |
|
|
|a Slovenská národná knižnica
|
| 852 |
|
|
|a Slovenská národná knižnica
|
| 954 |
|
|
|a odborná, vedecká literatúra pôvodná (slovenská)
|2 lita
|
| 958 |
|
|
|a article27
|
| 958 |
|
|
|a OND
|
| 958 |
|
|
|a EUIPO
|
| 999 |
|
|
|c 2934608
|d 2936538
|